[Event "76. España ch 2011"]
[Site "Arenal d'en Castell ESP"]
[Date "2011.10.21"]
[Round "7.4"]
[White "Cifuentes Parada, Roberto"]
[Black "De La Villa Garcia, Jesus Maria"]
[Result "1/2-1/2"]
[WhiteElo "2518"]
[BlackElo "2486"]
[PlyCount "38"]
[EventDate "2011.10.15"]
[EventType "swiss"]
[EventRounds "9"]
[EventCountry "ESP"]
[Source "lmi"]
[SourceDate "2011.10.15"]

1. Nf3 d5 2. d4 Nf6 3. c4 e6 4. g3 dxc4 5. Bg2 Bb4+ 6. Bd2 c5 7. Bxb4 cxb4 8.
Ne5 O-O 9. Nxc4 Nc6 10. e3 e5 11. d5 Na5 12. Nxe5 Qc7 13. Nd3 Bg4 14. Qd2 Nc4
15. Qxb4 Ne5 16. Kd2 Nc4+ 17. Ke1 Ne5 18. Kd2 Nc4+ 19. Ke1 Ne5 1/2-1/2

[Event "76. España ch 2011"]
[Site "Arenal d'en Castell ESP"]
[Date "2011.10.21"]
[Round "7.5"]
[White "Moreno Ruiz, Javier"]
[Black "Mascaro March, Pedro"]
[Result "1-0"]
[WhiteElo "2536"]
[BlackElo "2391"]
[PlyCount "87"]
[EventDate "2011.10.15"]
[EventType "swiss"]
[EventRounds "9"]
[EventCountry "ESP"]
[Source "lmi"]
[SourceDate "2011.10.15"]

1. d4 Nf6 2. c4 e6 3. Nc3 Bb4 4. Qc2 Nc6 5. Nf3 d6 6. Bd2 O-O 7. a3 Bxc3 8.
Bxc3 Qe7 9. e4 e5 10. d5 Nd4 11. Nxd4 exd4 12. Bxd4 Qxe4+ 13. Qxe4 Nxe4 14. Bd3
Nc5 15. Bc2 Re8+ 16. Kd2 Ne4+ 17. Kc1 Bf5 18. Ba4 Re7 19. Re1 Kf8 20. b4 a5 21.
f3 Nf6 22. Rxe7 Kxe7 23. Kd2 Kf8 24. g4 Bd7 25. Bc2 b5 26. g5 Ng8 27. cxb5 Bxb5
28. bxa5 Bc4 29. Be4 Ne7 30. Rc1 Bxd5 31. Rxc7 Bxe4 32. fxe4 Rxa5 33. Ra7 Rxa7
34. Bxa7 Nc6 35. Bb6 Ke7 36. Kc3 f6 37. gxf6+ Kxf6 38. Kc4 Ke6 39. a4 Ne7 40.
a5 d5+ 41. exd5+ Nxd5 42. Kc5 Nf6 43. a6 Nd7+ 44. Kb5 1-0

[Event "76. España ch 2011"]
[Site "Arenal d'en Castell ESP"]
[Date "2011.10.21"]
[Round "7.6"]
[White "Teran Alvarez, Ismael"]
[Black "Fenollar Jorda, Manuel"]
[Result "1/2-1/2"]
[WhiteElo "2435"]
[BlackElo "2352"]
[PlyCount "132"]
[EventDate "2011.10.15"]
[EventType "swiss"]
[EventRounds "9"]
[EventCountry "ESP"]
[Source "lmi"]
[SourceDate "2011.10.15"]

1. d4 d5 2. c4 c6 3. e3 Nf6 4. Nc3 a6 5. Qc2 g6 6. Bd3 Bg7 7. Nf3 O-O 8. O-O
Nbd7 9. b3 Re8 10. Bb2 dxc4 11. Bxc4 b5 12. Be2 e5 13. dxe5 Ng4 14. Rad1 Ngxe5
15. Nxe5 Bxe5 16. Bf3 Qc7 17. Ne4 f5 18. Bxe5 Rxe5 19. Nd6 Rc5 20. Qb2 Ne5 21.
b4 Nxf3+ 22. gxf3 Rd5 23. Ne8 Qe5 24. Qxe5 Rxe5 25. Rd8 Bb7 26. Rxa8 Bxa8 27.
Nf6+ Kf7 28. Nd7 Re7 29. Nc5 Bb7 30. f4 Bc8 31. Rd1 Be6 32. f3 Bxa2 33. Kf2 Bd5
34. Ra1 h6 35. h4 Kf6 36. Rxa6 g5 37. fxg5+ hxg5 38. hxg5+ Kxg5 39. Rb6 Kf6 40.
Rb7 Re8 41. Rc7 Kg5 42. Rg7+ Kf6 43. Rd7 Ra8 44. e4 fxe4 45. fxe4 Bc4 46. Ke3
Ra1 47. Rd6+ Ke5 48. Rxc6 Ra3+ 49. Kd2 Rh3 50. Rg6 Rh2+ 51. Ke3 Rh3+ 52. Kf2
Rh2+ 53. Kf3 Rh3+ 54. Rg3 Rh1 55. Ke3 Rh5 56. Nd7+ Kd6 57. Nc5 Ke5 58. Nd3+ Kf6
59. Rf3+ Ke7 60. Kd4 Rh1 61. Kc5 Rh5+ 62. Kd4 Rh1 63. Nf4 Rb1 64. Kc5 Re1 65.
Nd5+ Ke6 66. Kd4 Ba2 1/2-1/2

[Event "76. España ch 2011"]
[Site "Arenal d'en Castell ESP"]
[Date "2011.10.21"]
[Round "7.7"]
[White "Vila Gazquez, Xavier"]
[Black "Meneses Gonzalez, Kevin Moises"]
[Result "1-0"]
[WhiteElo "2465"]
[BlackElo "2192"]
[PlyCount "39"]
[EventDate "2011.10.15"]
[EventType "swiss"]
[EventRounds "9"]
[EventCountry "ESP"]
[Source "lmi"]
[SourceDate "2011.10.15"]

1. e4 c5 2. Nf3 d6 3. d4 cxd4 4. Qxd4 Nc6 5. Bb5 Bd7 6. Bxc6 Bxc6 7. Nc3 Nf6 8.
Bg5 e6 9. Qd3 Be7 10. Nd4 Qa5 11. Bd2 Qc7 12. O-O-O a6 13. f4 O-O 14. g4 Nxg4
15. Rhg1 Nf6 16. f5 Bd7 17. Bh6 Ne8 18. Rxg7+ Nxg7 19. Qg3 Bf6 20. Bxg7 1-0

[Event "76. España ch 2011"]
[Site "Arenal d'en Castell ESP"]
[Date "2011.10.21"]
[Round "7.8"]
[White "Espinosa Aranda, Angel"]
[Black "Lopez Martinez, Josep Manuel"]
[Result "1/2-1/2"]
[WhiteElo "2398"]
[BlackElo "2519"]
[PlyCount "79"]
[EventDate "2011.10.15"]
[EventType "swiss"]
[EventRounds "9"]
[EventCountry "ESP"]
[Source "lmi"]
[SourceDate "2011.10.15"]

1. e4 c5 2. Nf3 e6 3. d4 cxd4 4. Nxd4 a6 5. Nc3 Ne7 6. Be3 Nec6 7. Nb3 b5 8. f4
d6 9. Qf3 Bb7 10. Bd3 Nd7 11. O-O Be7 12. Rad1 Qc7 13. Qh3 Nb4 14. f5 e5 15.
Qg3 Nxd3 16. cxd3 b4 17. Nd5 Bxd5 18. exd5 Nf6 19. d4 e4 20. Rc1 Qb7 21. Na5
Qxd5 22. Nc6 Rc8 23. Nxb4 Qb7 24. Rxc8+ Qxc8 25. d5 Qb7 26. Nc6 Qb5 27. Rc1 Qe2
28. Nxe7 Kxe7 29. Bg5 Kd7 30. Qc3 Rd8 31. Re1 Qb5 32. Bxf6 gxf6 33. Rxe4 Qxd5
34. Qe3 Qd1+ 35. Kf2 Qc2+ 36. Kf3 Qd1+ 37. Kf2 Qc2+ 38. Kf3 Qd1+ 39. Kf2 Qc2+
40. Kf3 1/2-1/2

[Event "76. España ch 2011"]
[Site "Arenal d'en Castell ESP"]
[Date "2011.10.21"]
[Round "7.9"]
[White "Carrasco Martinez, Juan M"]
[Black "Gonzalez De La Torre, Santiago"]
[Result "1-0"]
[WhiteElo "2374"]
[BlackElo "2445"]
[PlyCount "125"]
[EventDate "2011.10.15"]
[EventType "swiss"]
[EventRounds "9"]
[EventCountry "ESP"]
[Source "lmi"]
[SourceDate "2011.10.15"]

1. Nf3 c5 2. e3 Nf6 3. d4 e6 4. Bd3 Nc6 5. O-O d5 6. b3 cxd4 7. exd4 Be7 8. Bb2
O-O 9. a3 a5 10. Nc3 b6 11. Qe2 Bb7 12. Rfe1 Re8 13. Rad1 Bf8 14. Qe3 Ba6 15.
Bxa6 Rxa6 16. Bc1 Ra8 17. Qd3 Rc8 18. Re2 Qd7 19. h3 Qb7 20. Rde1 Na7 21. Ne5
b5 22. Rf1 b4 23. axb4 axb4 24. Na4 Ne4 25. Bb2 Nb5 26. Ra1 Rc7 27. f3 Nec3 28.
Bxc3 bxc3 29. f4 Bb4 30. Rd1 Nd6 31. Kh2 Ne4 32. Qe3 Bd6 33. Nd3 Qa7 34. g3 g5
35. Rg1 f6 36. fxg5 fxg5 37. Nf2 Nxf2 38. Rxf2 e5 39. Qxg5+ Rg7 40. Qh5 Re6 41.
Qf5 Rgg6 42. Nxc3 Qxd4 43. Nb5 Qb6 44. Nxd6 Qxd6 45. Qf7+ Kh8 46. Ra1 Rg8 47.
Ra7 Rh6 48. Rd7 Qb4 49. Qf3 d4 50. Qe4 Rh5 51. g4 Qc3 52. Qd3 Qe1 53. Rff7
Rxh3+ 54. Qxh3 Qd2+ 55. Qg2 Qh6+ 56. Kg3 Qe3+ 57. Rf3 Qe4 58. Kh3 Qg6 59. Qg3
Qe6 60. Rdf7 h5 61. R3f5 hxg4+ 62. Kg2 Qc6+ 63. Kg1 1-0

[Event "76. España ch 2011"]
[Site "Arenal d'en Castell ESP"]
[Date "2011.10.21"]
[Round "7.10"]
[White "Fernandez Garcia, Jose Miguel"]
[Black "Rodriguez Pineda, Daniel M"]
[Result "1-0"]
[WhiteElo "2325"]
[BlackElo "2428"]
[PlyCount "89"]
[EventDate "2011.10.15"]
[EventType "swiss"]
[EventRounds "9"]
[EventCountry "ESP"]
[Source "lmi"]
[SourceDate "2011.10.15"]

1. d4 e6 2. Nf3 Nf6 3. c4 Bb4+ 4. Nbd2 d5 5. e3 O-O 6. Qc2 Re8 7. Bd3 Nbd7 8.
O-O c6 9. a3 Bxd2 10. Bxd2 e5 11. dxe5 Nxe5 12. Nxe5 Rxe5 13. Bc3 Rh5 14. Be2
Rh6 15. Be5 Ne4 16. Bf4 g5 17. cxd5 cxd5 18. Be5 Rc6 19. Qd1 Bf5 20. f4 Rac8
21. fxg5 Qxg5 22. Bf4 Qd8 23. Qd4 Nc5 24. Rad1 Be4 25. Bh5 f5 26. Bf3 Qe7 27.
b4 Nb3 28. Qb2 Rc3 29. Rxd5 Bxf3 30. gxf3 R8c6 31. Kh1 Rc1 32. Rdd1 R1c3 33.
Rg1+ Kf7 34. Rd5 Qe6 35. Qg2 Qg6 36. Qh3 Rc1 37. Rxf5+ Ke8 38. Re5+ Kf8 39.
Reg5 Rxg1+ 40. Rxg1 Qf7 41. Rd1 Ke8 42. Qh4 Qe6 43. Qd8+ Kf7 44. Rd7+ Kg6 45.
Qe7 1-0

[Event "76. España ch 2011"]
[Site "Arenal d'en Castell ESP"]
[Date "2011.10.22"]
[Round "8.1"]
[White "Illescas Cordoba, Miguel"]
[Black "De La Villa Garcia, Jesus Maria"]
[Result "1-0"]
[WhiteElo "2601"]
[BlackElo "2486"]
[PlyCount "24"]
[EventDate "2011.10.15"]
[EventType "swiss"]
[EventRounds "9"]
[EventCountry "ESP"]
[Source "lmi"]
[SourceDate "2011.10.15"]

1. Nf3 d5 2. c4 e6 3. g3 Nf6 4. Bg2 Be7 5. O-O O-O 6. d4 c6 7. Nc3 Nbd7 8. Bf4
Nh5 9. Bc1 Nhf6 10. b3 b6 11. Bb2 a5 12. Nd2 Ba6 1-0

[Event "76. España ch 2011"]
[Site "Arenal d'en Castell ESP"]
[Date "2011.10.22"]
[Round "8.3"]
[White "Perez Candelario, Manuel"]
[Black "Arizmendi Martinez, Julen Luis"]
[Result "1-0"]
[WhiteElo "2556"]
[BlackElo "2568"]
[PlyCount "59"]
[EventDate "2011.10.15"]
[EventType "swiss"]
[EventRounds "9"]
[EventCountry "ESP"]
[Source "lmi"]
[SourceDate "2011.10.15"]

1. e4 e6 2. d4 d5 3. Nd2 h6 4. c3 c5 5. exd5 exd5 6. Ngf3 Nc6 7. Bb5 cxd4 8.
Nxd4 Bd7 9. N2f3 Nf6 10. O-O Be7 11. Bf4 O-O 12. Bd3 Bc5 13. Nxc6 Bxc6 14. Nd4
Re8 15. Nf5 Bd7 16. Qf3 Ne4 17. Qg4 Bxf5 18. Qxf5 g6 19. Qh3 h5 20. Rad1 Qb6
21. Bxe4 Rxe4 22. Qf3 Qe6 23. g3 Re8 24. Qd3 d4 25. b4 Bb6 26. c4 Bd8 27. Bd2
Bf6 28. Rfe1 Qf5 29. Rxe4 Qxe4 30. Re1 1-0

[Event "76. España ch 2011"]
[Site "Arenal d'en Castell ESP"]
[Date "2011.10.22"]
[Round "8.4"]
[White "Alonso Rosell, Alvar"]
[Black "Moreno Ruiz, Javier"]
[Result "1-0"]
[WhiteElo "2501"]
[BlackElo "2536"]
[PlyCount "22"]
[EventDate "2011.10.15"]
[EventType "swiss"]
[EventRounds "9"]
[EventCountry "ESP"]
[Source "lmi"]
[SourceDate "2011.10.15"]

1. d4 Nf6 2. c4 g6 3. Nc3 Bg7 4. e4 d6 5. Nf3 O-O 6. h3 Na6 7. Bg5 Qe8 8. g4 e5
9. d5 Nd7 10. Rg1 Kh8 11. Be2 Ndc5 1-0

[Event "76. España ch 2011"]
[Site "Arenal d'en Castell ESP"]
[Date "2011.10.22"]
[Round "8.5"]
[White "Fenollar Jorda, Manuel"]
[Black "Cifuentes Parada, Roberto"]
[Result "0-1"]
[WhiteElo "2352"]
[BlackElo "2518"]
[PlyCount "106"]
[EventDate "2011.10.15"]
[EventType "swiss"]
[EventRounds "9"]
[EventCountry "ESP"]
[Source "lmi"]
[SourceDate "2011.10.15"]

1. d4 d5 2. c4 c6 3. cxd5 cxd5 4. Nc3 Nf6 5. Nf3 Nc6 6. Bf4 Ne4 7. e3 Nxc3 8.
bxc3 e6 9. Bd3 Bd6 10. Bxd6 Qxd6 11. O-O O-O 12. c4 dxc4 13. Bxc4 b6 14. Qe2
Bb7 15. Ba6 Bxa6 16. Qxa6 Rfc8 17. Rfc1 Rc7 18. Rc4 Nb4 19. Qb5 Nc2 20. Rc1 Na3
21. Rxc7 Nxb5 22. Rc8+ Rxc8 23. Rxc8+ Qf8 24. Rxf8+ Kxf8 25. Nd2 Ke7 26. Nb1
Kd7 27. Kf1 Kc6 28. Ke2 Nd6 29. Nc3 b5 30. Kd3 b4 31. Na4 Kb5 32. Nc5 a5 33. e4
Nc4 34. f4 Nb2+ 35. Kc2 Na4 36. Nb7 Nc3 37. Nd6+ Ka4 38. e5 Ne2 39. Kb2 Nxd4
40. g4 f6 41. exf6 gxf6 42. g5 fxg5 43. fxg5 Nf3 44. Ne4 Kb5 45. Nf6 Nxg5 46.
h4 Nf3 47. Nxh7 Nxh4 48. Ng5 e5 49. a3 Nf5 50. Ne4 Ne3 51. Nd6+ Ka4 52. axb4
Kxb4 53. Ka2 a4 0-1

[Event "76. España ch 2011"]
[Site "Arenal d'en Castell ESP"]
[Date "2011.10.22"]
[Round "8.6"]
[White "Garza Marco, Sergio"]
[Black "Vila Gazquez, Xavier"]
[Result "1/2-1/2"]
[WhiteElo "2402"]
[BlackElo "2465"]
[PlyCount "22"]
[EventDate "2011.10.15"]
[EventType "swiss"]
[EventRounds "9"]
[EventCountry "ESP"]
[Source "lmi"]
[SourceDate "2011.10.15"]

1. d4 Nf6 2. c4 g6 3. Nc3 d5 4. cxd5 Nxd5 5. e4 Nxc3 6. bxc3 Bg7 7. Bg5 c5 8.
Rc1 cxd4 9. cxd4 O-O 10. Nf3 Bg4 11. d5 h6 1/2-1/2

[Event "76. España ch 2011"]
[Site "Arenal d'en Castell ESP"]
[Date "2011.10.22"]
[Round "8.7"]
[White "Carrasco Martinez, Juan M"]
[Black "Teran Alvarez, Ismael"]
[Result "1/2-1/2"]
[WhiteElo "2374"]
[BlackElo "2435"]
[PlyCount "60"]
[EventDate "2011.10.15"]
[EventType "swiss"]
[EventRounds "9"]
[EventCountry "ESP"]
[Source "lmi"]
[SourceDate "2011.10.15"]

1. Nf3 Nf6 2. c4 c5 3. g3 b6 4. Bg2 Bb7 5. O-O e6 6. b3 Be7 7. Bb2 O-O 8. Nc3
d6 9. e3 Nbd7 10. Qe2 a6 11. Rfd1 Re8 12. a3 Ra7 13. b4 Ne4 14. Nxe4 Bxe4 15.
d3 Ba8 16. Rab1 Qc7 17. Nd2 Bxg2 18. Kxg2 Bf6 19. Bxf6 Nxf6 20. Rdc1 Rb8 21.
bxc5 bxc5 22. Rxb8+ Qxb8 23. Rb1 Rb7 24. Rxb7 Qxb7+ 25. Qf3 Qxf3+ 26. Kxf3 Kf8
27. h3 Ke7 28. Ke2 Nd7 29. Kd1 Kd8 30. Kc2 Kc7 1/2-1/2

[Event "76. España ch 2011"]
[Site "Arenal d'en Castell ESP"]
[Date "2011.10.22"]
[Round "8.8"]
[White "Lopez Martinez, Josep Manuel"]
[Black "Fernandez Garcia, Jose Miguel"]
[Result "1-0"]
[WhiteElo "2519"]
[BlackElo "2325"]
[PlyCount "122"]
[EventDate "2011.10.15"]
[EventType "swiss"]
[EventRounds "9"]
[EventCountry "ESP"]
[Source "lmi"]
[SourceDate "2011.10.15"]

1. Nf3 Nf6 2. c4 e6 3. g3 d5 4. d4 Be7 5. Bg2 O-O 6. O-O dxc4 7. Qa4 a6 8. Qxc4
b5 9. Qc2 Bb7 10. Bd2 Be4 11. Qc1 Qc8 12. Bg5 Nbd7 13. Nbd2 Bb7 14. Nb3 Bd5 15.
Qc2 a5 16. Rfc1 Bd6 17. Bxf6 Nxf6 18. Nc5 Rb8 19. Nd3 Qb7 20. Nfe1 Rfd8 21.
Bxd5 Qxd5 22. Nf3 Rdc8 23. Nc5 Bxc5 24. Qxc5 Qxc5 25. Rxc5 Nd7 26. Rc6 Rb6 27.
Rc2 c5 28. dxc5 Rbc6 29. Kf1 Kf8 30. Rd1 Rxc5 31. Rxc5 Nxc5 32. Rc1 Rc7 33. Nd4
Na6 34. Nc6 a4 35. Ke1 Ke8 36. Kd2 Kd7 37. Ne5+ Ke7 38. Rxc7+ Nxc7 39. Kc3 f6
40. Nd3 Nd5+ 41. Kd4 Kd6 42. f4 Ne7 43. Nb4 Nc6+ 44. Kc3 Na5 45. b3 axb3 46.
axb3 e5 47. f5 Nc6 48. Nxc6 Kxc6 49. Kb4 Kb6 50. g4 Kc6 51. Ka5 Kc5 52. h3 e4
53. e3 g5 54. fxg6 hxg6 55. h4 f5 56. h5 f4 57. b4+ Kc6 58. hxg6 fxe3 59. g7 e2
60. g8=Q e1=Q 61. Qe6+ Kc7 1-0

[Event "76. España ch 2011"]
[Site "Arenal d'en Castell ESP"]
[Date "2011.10.22"]
[Round "8.9"]
[White "Suarez Garcia, Carlos"]
[Black "Espinosa Aranda, Angel"]
[Result "1/2-1/2"]
[WhiteElo "2254"]
[BlackElo "2398"]
[PlyCount "64"]
[EventDate "2011.10.15"]
[EventType "swiss"]
[EventRounds "9"]
[EventCountry "ESP"]
[Source "lmi"]
[SourceDate "2011.10.15"]

1. d4 Nf6 2. Nf3 g6 3. c4 Bg7 4. Nc3 O-O 5. e4 d6 6. Be2 c5 7. dxc5 Qa5 8. O-O
Qxc5 9. Be3 Qc7 10. Rc1 Nc6 11. Qd2 Bg4 12. Nd5 Qd8 13. Nxf6+ Bxf6 14. h3 Bxf3
15. Bxf3 e5 16. Rfd1 Nd4 17. Bxd4 exd4 18. Rb1 Be5 19. Be2 Rc8 20. Bd3 Qh4 21.
Re1 Bf4 22. Qe2 h5 23. Rbd1 Be5 24. Qd2 Qf6 25. Qe2 h4 26. Qg4 Bf4 27. Rf1 Rc5
28. Kh1 Rg5 29. Qf3 Kg7 30. Rfe1 Re8 31. Be2 Re6 32. Bf1 Be5 1/2-1/2

[Event "76. España ch 2011"]
[Site "Arenal d'en Castell ESP"]
[Date "2011.10.23"]
[Round "9.2"]
[White "Alonso Rosell, Alvar"]
[Black "Perez Candelario, Manuel"]
[Result "1-0"]
[WhiteElo "2501"]
[BlackElo "2556"]
[PlyCount "131"]
[EventDate "2011.10.15"]
[EventType "swiss"]
[EventRounds "9"]
[EventCountry "ESP"]
[Source "lmi"]
[SourceDate "2011.10.15"]

1. d4 g6 2. c4 Bg7 3. Nf3 d6 4. Nc3 Nd7 5. g3 e5 6. Bg2 Ne7 7. O-O O-O 8. e4
exd4 9. Nxd4 Nc6 10. Nde2 a5 11. Rb1 Nc5 12. Be3 Be6 13. b3 a4 14. Nd4 axb3 15.
axb3 Bd7 16. Qd2 Re8 17. Bg5 Qc8 18. Ndb5 Nb4 19. Be3 Bxb5 20. Nxb5 Ncd3 21.
Bd4 Bxd4 22. Nxd4 Ra2 23. Qc3 c5 24. Nb5 Qd8 25. Rbd1 Qe7 26. Rd2 Rxd2 27. Qxd2
Ra8 28. Qc3 Qe5 29. Rd1 Qxc3 30. Nxc3 Ra3 31. Nb5 Rxb3 32. Nxd6 b6 33. f4 Nc2
34. e5 Ne3 35. Ra1 h5 36. Be4 h4 37. Bxd3 Rxd3 38. Ra8+ Kg7 39. Ne8+ Kh6 40.
Nf6 g5 41. g4 Nxg4 42. Nxg4+ Kg6 43. Nf2 Rc3 44. Rb8 gxf4 45. Rxb6+ Kf5 46.
Rf6+ Kxe5 47. Rxf7 f3 48. Re7+ Kf5 49. Re1 Rxc4 50. Nd3 Rc3 51. Re5+ Kf6 52.
Re3 c4 53. Rxf3+ Kg5 54. Ne1 Rxf3 55. Nxf3+ Kf4 56. Nxh4 Ke3 57. Kf1 c3 58.
Ng2+ Kd2 59. Ne1 Ke3 60. Kg2 Ke2 61. Nc2 Kd3 62. Nb4+ Kc4 63. Nc2 Kd3 64. Na3
Ke4 65. Kg3 Kf5 66. Nb5 1-0

[Event "76. España ch 2011"]
[Site "Arenal d'en Castell ESP"]
[Date "2011.10.23"]
[Round "9.3"]
[White "Del Rio De Angelis, Salvador G"]
[Black "Cifuentes Parada, Roberto"]
[Result "1/2-1/2"]
[WhiteElo "2527"]
[BlackElo "2518"]
[PlyCount "107"]
[EventDate "2011.10.15"]
[EventType "swiss"]
[EventRounds "9"]
[EventCountry "ESP"]
[Source "lmi"]
[SourceDate "2011.10.15"]

1. d4 d5 2. c4 dxc4 3. Nf3 c5 4. e3 Nf6 5. Bxc4 e6 6. O-O Nc6 7. a3 a6 8. dxc5
Qxd1 9. Rxd1 Bxc5 10. b4 Be7 11. Bb2 O-O 12. Nbd2 Rd8 13. Nb3 Bd7 14. Be2 Be8
15. Rac1 Rxd1+ 16. Bxd1 Ne4 17. Ne1 Rd8 18. Nd4 Bf6 19. Nxc6 Bxb2 20. Nxd8 Bxc1
21. Nxb7 Bxa3 22. Nc2 Bb2 23. Be2 Bb5 24. Bxb5 axb5 25. f3 Nc3 26. Kf1 Kf8 27.
Nc5 Nd5 28. Nd3 Bc3 29. Ke2 Ke7 30. e4 Nc7 31. Nc5 Kd6 32. Nb7+ Ke5 33. Ke3 g5
34. g3 f5 35. f4+ gxf4+ 36. gxf4+ Kf6 37. Nc5 Kg6 38. Kd3 Bg7 39. Nd4 fxe4+ 40.
Nxe4 Bxd4 41. Kxd4 Kf5 42. Ke3 Nd5+ 43. Kf3 Nxf4 44. Nd6+ Ke5 45. Nxb5 Nd5 46.
Kg4 Kf6 47. Kh5 e5 48. Nd6 Nxb4 49. Kh6 Ke6 50. Ne4 Nd5 51. Nc5+ Kd6 52. Ne4+
Ke7 53. Kxh7 Nf6+ 54. Kg6 1/2-1/2

[Event "76. España ch 2011"]
[Site "Arenal d'en Castell ESP"]
[Date "2011.10.23"]
[Round "9.4"]
[White "Arizmendi Martinez, Julen Luis"]
[Black "Garza Marco, Sergio"]
[Result "1-0"]
[WhiteElo "2568"]
[BlackElo "2402"]
[PlyCount "33"]
[EventDate "2011.10.15"]
[EventType "swiss"]
[EventRounds "9"]
[EventCountry "ESP"]
[Source "lmi"]
[SourceDate "2011.10.15"]

1. d4 d5 2. c4 c6 3. Nf3 Nf6 4. e3 g6 5. Nc3 Bg7 6. h3 O-O 7. Bd3 c5 8. O-O
cxd4 9. exd4 Nc6 10. a3 b6 11. Re1 Bb7 12. Bg5 dxc4 13. Bxc4 Rc8 14. Ba2 h6 15.
Bh4 e6 16. d5 g5 17. Bxg5 1-0

[Event "76. España ch 2011"]
[Site "Arenal d'en Castell ESP"]
[Date "2011.10.23"]
[Round "9.5"]
[White "Moreno Ruiz, Javier"]
[Black "Carrasco Martinez, Juan M"]
[Result "1/2-1/2"]
[WhiteElo "2536"]
[BlackElo "2374"]
[PlyCount "120"]
[EventDate "2011.10.15"]
[EventType "swiss"]
[EventRounds "9"]
[EventCountry "ESP"]
[Source "lmi"]
[SourceDate "2011.10.15"]

1. d4 e6 2. c4 Bb4+ 3. Bd2 a5 4. Nc3 d5 5. a3 Bxc3 6. bxc3 Nf6 7. e3 O-O 8. Nf3
b6 9. cxd5 exd5 10. c4 Ba6 11. Qc2 c6 12. Bd3 Nbd7 13. O-O Re8 14. Rfc1 Qe7 15.
cxd5 Bxd3 16. Qxd3 cxd5 17. Qb5 Rac8 18. Rc6 h6 19. a4 Rxc6 20. Qxc6 Qe4 21.
Rc1 Qf5 22. h3 Kh7 23. Be1 Ne4 24. Qc7 Nef6 25. Qb7 Qd3 26. Rc7 Rb8 27. Qc6 b5
28. axb5 Rxb5 29. Qa8 Qb1 30. Kh2 Rb2 31. Qxa5 Re2 32. Rc8 Rc2 33. Rxc2 Qxc2
34. Ne5 Qf5 35. Nxd7 Qxd7 36. f3 Qe6 37. Qc3 Nd7 38. Qd3+ f5 39. Bg3 Nf8 40.
Be5 Ng6 41. Bb8 Kh8 42. Qc3 Kh7 43. Qd3 Kh8 44. g4 Ne7 45. Be5 fxg4 46. hxg4 h5
47. g5 Kg8 48. Qa3 Nf5 49. Qa8+ Kh7 50. Qb7 Qg6 51. Bf4 Nh4 52. Kg3 Nf5+ 53.
Kf2 Qe6 54. Be5 h4 55. e4 dxe4 56. fxe4 Qa2+ 57. Kg1 Qa1+ 58. Kh2 Qa2+ 59. Kh3
Qa3+ 60. Kg4 Ne7 1/2-1/2

[Event "76. España ch 2011"]
[Site "Arenal d'en Castell ESP"]
[Date "2011.10.23"]
[Round "9.6"]
[White "Vila Gazquez, Xavier"]
[Black "Lopez Martinez, Josep Manuel"]
[Result "0-1"]
[WhiteElo "2465"]
[BlackElo "2519"]
[PlyCount "103"]
[EventDate "2011.10.15"]
[EventType "swiss"]
[EventRounds "9"]
[EventCountry "ESP"]
[Source "lmi"]
[SourceDate "2011.10.15"]

1. e4 c5 2. Nf3 e6 3. d4 cxd4 4. Nxd4 Nf6 5. Nc3 d6 6. Bd3 a6 7. Qe2 Qb6 8. Nb3
Qc7 9. O-O Nc6 10. f4 Be7 11. Bd2 b5 12. a4 b4 13. Nd1 O-O 14. Kh1 Bb7 15. Ne3
Rfe8 16. Rae1 Rac8 17. Nc4 d5 18. exd5 exd5 19. Ne3 Bf8 20. Qd1 Na5 21. Nxa5
Qxa5 22. b3 Qc5 23. f5 Qd4 24. Qf3 Bd6 25. Nd1 Qh4 26. Rxe8+ Rxe8 27. Bf4 d4
28. Qg3 Qxg3 29. Bxg3 Bxg3 30. hxg3 Ng4 31. Kg1 Ne5 32. Nb2 Nxd3 33. Nxd3 a5
34. Rf4 Be4 35. g4 f6 36. Kf2 Kf7 37. Nc5 Bxc2 38. Rxd4 Re5 39. Nd3 Re7 40. Nc5
g6 41. Rd2 Bb1 42. Rd1 Rc7 43. Rd5 Bc2 44. Ke2 Re7+ 45. Kf3 Re5 46. fxg6+ Kxg6
47. Rxe5 fxe5 48. Nd7 Bxb3 49. Nxe5+ Kf6 50. Kf4 Bxa4 51. g5+ Ke6 52. Ke4 0-1

[Event "76. España ch 2011"]
[Site "Arenal d'en Castell ESP"]
[Date "2011.10.23"]
[Round "9.7"]
[White "De La Villa Garcia, Jesus Maria"]
[Black "Meneses Gonzalez, Kevin Moises"]
[Result "1/2-1/2"]
[WhiteElo "2486"]
[BlackElo "2192"]
[PlyCount "68"]
[EventDate "2011.10.15"]
[EventType "swiss"]
[EventRounds "9"]
[EventCountry "ESP"]
[Source "lmi"]
[SourceDate "2011.10.15"]

1. d4 Nf6 2. c4 g6 3. Nc3 Bg7 4. e4 d6 5. f3 O-O 6. Be3 Nc6 7. Nge2 a6 8. Qd2
Rb8 9. Nc1 e5 10. d5 Nd4 11. Nb3 Nxb3 12. axb3 c5 13. b4 b6 14. bxc5 bxc5 15.
g4 Ne8 16. Rg1 Kh8 17. Kd1 f5 18. gxf5 gxf5 19. Bd3 f4 20. Bf2 Bf6 21. Kc1 Bh4
22. Bxh4 Qxh4 23. Nd1 Nf6 24. Ra3 Ng8 25. Qg2 Qh6 26. Qg5 Qxg5 27. Rxg5 Ne7 28.
Nf2 h6 29. Rg1 Rg8 30. Rxg8+ Kxg8 31. Kc2 Ng6 32. Be2 Nh4 33. Ra1 Rb7 34. Rg1+
Rg7 1/2-1/2

[Event "76. España ch 2011"]
[Site "Arenal d'en Castell ESP"]
[Date "2011.10.23"]
[Round "9.8"]
[White "Teran Alvarez, Ismael"]
[Black "Gonzalez De La Torre, Santiago"]
[Result "0-1"]
[WhiteElo "2435"]
[BlackElo "2445"]
[PlyCount "68"]
[EventDate "2011.10.15"]
[EventType "swiss"]
[EventRounds "9"]
[EventCountry "ESP"]
[Source "lmi"]
[SourceDate "2011.10.15"]

1. e4 c5 2. Nf3 e6 3. c3 Nf6 4. e5 Nd5 5. Bc4 d6 6. d4 cxd4 7. cxd4 Nb6 8. Bd3
dxe5 9. dxe5 Na6 10. Qe2 Nb4 11. Be4 Bd7 12. a3 N4d5 13. O-O h6 14. Rd1 g6 15.
a4 a5 16. b3 Be7 17. Bd2 Bc6 18. Na3 Qb8 19. Nb5 Nd7 20. Rac1 Nc5 21. Bc2 Kf8
22. Nfd4 Kg7 23. Qe1 Nd7 24. Nf3 Nb4 25. Be4 Nc5 26. Qe2 Nxb3 27. Rb1 Nxd2 28.
Nxd2 Rd8 29. Nc4 Rd5 30. Nb6 Rxe5 31. Qb2 Bf6 32. Nd7 Rf5 33. Nxf6 Rxf6 34. Nd6
Ra6 0-1

[Event "76. España ch 2011"]
[Site "Arenal d'en Castell ESP"]
[Date "2011.10.23"]
[Round "9.9"]
[White "Espinosa Aranda, Angel"]
[Black "Gutierrez Olivares, Daniel"]
[Result "1/2-1/2"]
[WhiteElo "2398"]
[BlackElo "2257"]
[PlyCount "51"]
[EventDate "2011.10.15"]
[EventType "swiss"]
[EventRounds "9"]
[EventCountry "ESP"]
[Source "lmi"]
[SourceDate "2011.10.15"]

1. Nf3 Nf6 2. c4 e6 3. g3 b6 4. Bg2 Bb7 5. O-O Be7 6. Nc3 O-O 7. b3 c5 8. Bb2
d6 9. e3 Nbd7 10. Qe2 Ne4 11. Nxe4 Bxe4 12. d3 Bb7 13. d4 Qc7 14. e4 cxd4 15.
Nxd4 a6 16. Rac1 Rac8 17. f4 Rfe8 18. Kh1 Qb8 19. Rce1 Qa8 20. f5 Bf6 21. fxe6
fxe6 22. Qg4 Ne5 23. Qe2 Nd7 24. Qg4 Ne5 25. Qe2 Nd7 26. Qg4 1/2-1/2